NLSUI OPAC header image

Learn word perfect in a day (Record no. 7907)

MARC details
000 -LEADER
fixed length control field 00410nam a2200157Ia 4500
008 - FIXED-LENGTH DATA ELEMENTS--GENERAL INFORMATION
fixed length control field 160316s1992 xxu||||| |||| 00| 0 eng d
082 ## - DEWEY DECIMAL CLASSIFICATION NUMBER
Classification number 1.642400
Item number CAS
100 ## - MAIN ENTRY--PERSONAL NAME
Personal name Case Felicia
245 ## - TITLE STATEMENT
Title Learn word perfect in a day
250 ## - EDITION STATEMENT
Edition statement 2nd
260 ## - PUBLICATION, DISTRIBUTION, ETC.
Place of publication, distribution, etc. New Delhi
Name of publisher, distributor, etc. BPB Publications
Date of publication, distribution, etc. 1992
300 ## - PHYSICAL DESCRIPTION
Extent 122p
Other physical details
Dimensions
365 ## - TRADE PRICE
Price amount Rs.36/-
650 ## - SUBJECT ADDED ENTRY--TOPICAL TERM
Topical term or geographic name entry element 1.Computers - Word Perfect - Word Processing
700 ## - ADDED ENTRY--PERSONAL NAME
Personal name
--
Holdings
Withdrawn status Lost status Damaged status Not for loan Home library Current library Shelving location Date acquired Cost, normal purchase price Total Checkouts Full call number Barcode Date last seen Price effective from Koha item type
        NLS NLS NAB Compactor 30/05/2017 36.00   1.6424 CAS 8146 30/05/2017 30/05/2017 BOOKs